000 00755nam a2200253Ia 4500
003 GCL
008 140319s9999 xx 000 0 ara d
040 _aGCL /
_cGCL
082 0 4 _a810.59
_bح ف
100 1 _aحسين احمد امين
245 1 0 _aفى بيت احمد امين ومقالات اخرى /
_cحسين احمد امين
260 _a[S.N] :
_bمكتبة مدبولى ،
_c1989
300 _a429 ص
490 _a
650 0 4 _aالادب العربى
650 0 4 _aالارهاب
650 0 4 _aمقالات ومحاضرات
650 0 4 _aالجزائر
650 0 4 _aاليهود
650 0 4 _aبروتوكولات حكماء صهيون
650 0 4 _aاحمد امين
650 0 4 _aالمجموعات
942 _2ddc
_cBK
999 _c54715
_d54715